|
|
|
|
| LEADER |
00000cas a2200000 a 4500 |
| 001 |
040331 |
| 003 |
UAHC_CL |
| 005 |
20170803124437.0 |
| 008 |
050513b xx j 000 1 eng |
| 040 |
|
|
|a UAHC_CL
|c UAHC_CL
|d UAHC_CL
|
| 245 |
1 |
0 |
|a Revista enfoques :
|b Ciencia política y administración pública.
|
| 260 |
|
|
|b Universidad Central
|c 2003
|a Santiago, Chile
|
| 505 |
0 |
|
|a La guerra en Irak y su impacto político en América Latina, Patricio Gajardo Lagomarsino / Nuevos tiempos para la gestión pública: potenciando la transparencia, Cristián Pertuzé Fariña / Gobernabilidad en el Perú: 1980 - 1990, Raimundo Heredia Vargas / Una modernización pendiente, Héctor Aguilera Segura / Contribución, filantropía y think tanks en Estados Unidos: influencia sobre la agenda pública y la toma de decisiones en política exterior, Marcelo Mella Polanco / Una nueva ley para el control ciudadano de la administración La ley 19.880, sobre bases de los procedimientos administrativos / Omar Ahumada Mora / ¿Está agotado el actual modelo de política social?, Roberto Calvo / La democracia chilena enfrentada a un mundo globalizado. Los desafíos de una democracia restringida, Tatiana Herrera Formas / Corrupción y Estatismo: el caso de América Latina, Andrés Benavente Urbina / La corrupción dentro del concepto de Estados fallidos, Julio Cirino y Silvana Elizondo / La corrupción en la Europa de los noventa: impacto sobre el sistema político, Jorge Jaraquemada Robledo / La corrupción en el Perú, Elaine Ford Deza / Corrupción y gobernabilidad, Aldo Cassinelli Capurro
|
| 900 |
|
|
|a REV. ENFOQUES
|
| 942 |
|
|
|c REV
|
| 952 |
|
|
|0 0
|1 0
|4 0
|6 REV___ENFOQUES05_06_000000000000000
|7 0
|8 Hemeroteca
|9 75984
|a BC
|b BC
|c Hemeroteca
|d 2017-08-03
|l 1
|o REV. ENFOQUES-05/06
|p 1359469
|r 2019-01-03 00:00:00
|s 2017-12-19
|t 1
|w 2017-08-03
|y REV
|
| 952 |
|
|
|0 0
|1 0
|4 0
|6 REV___ENFOQUES06_07_000000000000000
|7 0
|8 Hemeroteca
|9 75985
|a BC
|b BC
|c Hemeroteca
|d 2017-08-03
|l 0
|o REV. ENFOQUES-06/07
|p 1360813
|r 2019-01-03 00:00:00
|t 1
|w 2017-08-03
|y REV
|
| 952 |
|
|
|0 0
|1 0
|4 0
|6 REV___ENFOQUES08_08_000000000000000
|7 0
|8 Hemeroteca
|9 75986
|a BC
|b BC
|c Hemeroteca
|d 2017-08-03
|l 0
|o REV. ENFOQUES-08/08
|p 1364043
|r 2019-01-03 00:00:00
|t 1
|w 2017-08-03
|y REV
|
| 952 |
|
|
|0 0
|1 0
|4 0
|6 REV___ENFOQUES05_06_000000000000000
|7 0
|8 Hemeroteca
|9 75987
|a BC
|b BC
|c Hemeroteca
|d 2017-08-03
|l 0
|o REV. ENFOQUES-05/06
|p 1364046
|r 2019-01-03 00:00:00
|t 1
|w 2017-08-03
|y REV
|
| 952 |
|
|
|0 0
|1 0
|4 0
|6 REV___ENFOQUES06_07_000000000000000
|7 0
|8 Hemeroteca
|9 75988
|a BC
|b BC
|c Hemeroteca
|d 2017-08-03
|l 0
|o REV. ENFOQUES-06/07
|p 1364049
|r 2019-01-03 00:00:00
|t 1
|w 2017-08-03
|y REV
|
| 952 |
|
|
|0 0
|1 0
|4 0
|6 REV___ENFOQUES07_07_000000000000000
|7 0
|8 Hemeroteca
|9 75989
|a BC
|b BC
|c Hemeroteca
|d 2017-08-03
|l 0
|o REV. ENFOQUES-07/07
|p 1364052
|r 2019-01-03 00:00:00
|t 1
|w 2017-08-03
|y REV
|
| 952 |
|
|
|0 0
|1 0
|4 0
|6 REV___ENFOQUES09_08_000000000000000
|7 0
|8 Hemeroteca
|9 75990
|a BC
|b BC
|c Hemeroteca
|d 2017-08-03
|l 0
|o REV. ENFOQUES-09/08
|p 1369019
|r 2019-01-03 00:00:00
|t 1
|w 2017-08-03
|y REV
|
| 952 |
|
|
|0 0
|1 0
|4 0
|6 REV___ENFOQUES11_09_000000000000000
|7 0
|8 Hemeroteca
|9 75991
|a BC
|b BC
|c Hemeroteca
|d 2017-08-03
|l 0
|o REV. ENFOQUES-11/09
|p 1376412
|r 2019-01-03 00:00:00
|t 1
|w 2017-08-03
|y REV
|
| 952 |
|
|
|0 0
|1 0
|4 0
|6 REV___ENFOQUES18_13_000000000000000
|7 0
|8 Hemeroteca
|9 75992
|a BC
|b BC
|c Hemeroteca
|d 2017-08-03
|l 0
|o REV. ENFOQUES-18/13
|p 1408366
|r 2019-01-03 00:00:00
|t 1
|w 2017-08-03
|y REV
|
| 952 |
|
|
|0 0
|1 0
|4 0
|6 REV___ENFOQUES10_09_000000000000000
|7 0
|8 Hemeroteca
|9 75993
|a BC
|b BC
|c Hemeroteca
|d 2017-08-03
|l 0
|o REV. ENFOQUES-10/09
|p 1408362
|r 2019-01-03 00:00:00
|t 1
|w 2017-08-03
|y REV
|
| 952 |
|
|
|0 0
|1 0
|4 0
|6 REV___ENFOQUES14_11_000000000000000
|7 0
|8 Hemeroteca
|9 75994
|a BC
|b BC
|c Hemeroteca
|d 2017-08-03
|l 0
|o REV. ENFOQUES-14/11
|p 1408363
|r 2019-01-03 00:00:00
|t 1
|w 2017-08-03
|y REV
|
| 952 |
|
|
|0 0
|1 0
|4 0
|6 REV___ENFOQUES15_11_000000000000000
|7 0
|8 Hemeroteca
|9 75995
|a BC
|b BC
|c Hemeroteca
|d 2017-08-03
|l 0
|o REV. ENFOQUES-15/11
|p 1408364
|r 2019-01-03 00:00:00
|t 1
|w 2017-08-03
|y REV
|
| 952 |
|
|
|0 0
|1 0
|4 0
|6 REV___ENFOQUES17_12_000000000000000
|7 0
|8 Hemeroteca
|9 75996
|a BC
|b BC
|c Hemeroteca
|d 2017-08-03
|l 0
|o REV. ENFOQUES-17/12
|p 1408365
|r 2019-01-03 00:00:00
|t 1
|w 2017-08-03
|y REV
|
| 999 |
|
|
|c 40331
|d 40331
|